As cruzadas vistas pelos árabes (Registo nº 202133)
[ vista simples ]
| 000 -Etiqueta do registo | |
|---|---|
| Valores | 00714nam 22002293 4500 |
| 010 ## - Número ISBN | |
| ISBN | 972-29-0214-8 |
| 021 ## - Número do Depósito Legal | |
| Código do país | Portugal |
| Número | 65127/93 |
| 100 ## - Dados gerais de processamento | |
| Dados gerais | 20241118d u||y0pory50 ba |
| 101 ## - Língua de publicação | |
| Língua | Português |
| 200 ## - Titulo e menção de responsabilidade | |
| Título próprio | As cruzadas vistas pelos árabes |
| Primeira menção de responsabilidade | Amin Maalouf |
| Outras menções de responsabilidade | tradução de Geminiano Cascais Franco; revisão de Marcelino Amaral |
| 205 ## - Menção da edição | |
| Edição | 1ª |
| 210 ## - Publicação | |
| Local de publicação | Lisboa |
| Nome do editor | Edições 70 |
| Data de publicação | 2013 |
| 215 ## - Descrição física | |
| Paginação / Volumes | 308, [4] p. |
| Outras indicações físicas | Brochado |
| Dimensões | 24 cm |
| 300 ## - Notas gerais | |
| Texto da nota | Romance histórico |
| 606 ## - Nome comum usado como assunto | |
| ID Autoridade | 9395 |
| Palavra de ordem | Literatura Libanesa |
| Subdivisão assunto | Em Língua Francesa |
| 675 ## - CDU | |
| Notação | 821.133.1(569.3)-3 |
| Edição | PT |
| Língua | por |
| 700 ## - Autor principal (pessoa individual) | |
| ID Autoridade | 2409 |
| Apelido | Maalouf |
| Nome | Amin |
| Datas | 1943- |
| 801 ## - Fonte de origem | |
| País | PT |
| Agência | BMMN |
| Regras de catalogação | RPC |
| 830 ## - Notas gerais do catalogador | |
| Criado por | Fernando |
| Indexado por | Fernando |
| 990 ## - Elementos KOHA | |
| Tipo de documento | Livro |
| Situação do levantamento | Biblioteca de origem | Código de barras | Cota | Permissão de empréstimo | Tipo de documento | Forma de aquisição |
|---|---|---|---|---|---|---|
| Biblioteca Municipal de Montemor-o-Novo | 31557 | 821.133.1-3 MAA|DEP | Livro | Oferta |